Playme : Gènius és genial Gènius és genial
Descripción Física:
20 x 6 cm
MARC
| LEADER | 00000nrm a2200000 a 4500 | ||
|---|---|---|---|
| 001 | 23650 | ||
| 008 | 160829s9999 xx 000 0 cat d | ||
| 080 | |a NBM-7-7 | ||
| 245 | |a Playme : |b Gènius és genial | ||
| 260 | |a Barcelona : |b Diputació de Barcelona, [s.a.] | ||
| 300 | |a 20 x 6 cm | ||
| 650 | 0 | |a Biblioteques públiques |x Barcelona (Catalunya : Província) |9 49209 | |
| 655 | 0 | |a Punts de llibre |9 52700 | |
| 710 | 1 | |a Barcelona (Catalunya : Província). |b Xarxa de Biblioteques Municipals |9 52650 | |
| 901 | |a Arxiu | ||
| 942 | |n 1 |2 udc | ||
| 952 | |0 0 |1 0 |4 0 |6 NBM77 |7 1 |9 55928 |a Arxiu |b Arxiu |d 2016-12-01 |l 0 |o NBM-7-7 |p 23650 |r 2016-12-01 00:00:00 |w 2016-12-01 |y ARXIU | ||
| 999 | |c 59801 |d 59801 | ||